<?xml version="1.0" encoding="UTF-8"?>
<record
    xmlns:xsi="http://www.w3.org/2001/XMLSchema-instance"
    xsi:schemaLocation="http://www.loc.gov/MARC21/slim http://www.loc.gov/standards/marcxml/schema/MARC21slim.xsd"
    xmlns="http://www.loc.gov/MARC21/slim">

  <leader>00594nam a22001577a 4500</leader>
  <controlfield tag="003">OSt</controlfield>
  <controlfield tag="005">20150905144713.0</controlfield>
  <controlfield tag="008">150905b        xxu||||| |||| 00| 0 eng d</controlfield>
  <datafield tag="040" ind1=" " ind2=" ">
    <subfield code="c">RUA</subfield>
  </datafield>
  <datafield tag="082" ind1=" " ind2=" ">
    <subfield code="a">AGR &#x179F;&#x17BB;&#x1781; 1989&#x200B;&#x200B; B001 Or.1</subfield>
  </datafield>
  <datafield tag="100" ind1=" " ind2=" ">
    <subfield code="9">38</subfield>
    <subfield code="a">&#x179F;&#x17BB;&#x1781;&#x1797;&#x17BB;&#x1793; &#x179F;&#x17BB;&#x1797;&#x1780;&#x17D2;&#x179A;&#x17D0;&#x17D2;&#x1780;</subfield>
  </datafield>
  <datafield tag="245" ind1=" " ind2=" ">
    <subfield code="a">&#x179B;&#x1780;&#x17D2;&#x1781;&#x178E;&#x17C8;&#x200B;&#x1796;&#x17B7;&#x179F;&#x17C1;&#x179F;&#x1793;&#x17C3;&#x1780;&#x17B6;&#x179A;&#x1794;&#x1784;&#x17D2;&#x1780;&#x17BE;&#x1793;&#x1791;&#x17B7;&#x1793;&#x17D2;&#x1793;&#x1795;&#x179B;&#x179F;&#x178E;&#x17D2;&#x178A;&#x17C2;&#x1780;&#x179F;&#x17C0;&#x1784;&#x1791;&#x17B6;&#x1780;&#x17CB;&#x1791;&#x1784;&#x1791;&#x17C5;&#x1793;&#x17B9;&#x1784;&#x1794;&#x17D2;&#x179A;&#x179C;&#x17C2;&#x1784;&#x1785;&#x1793;&#x17D2;&#x179B;&#x17C4;&#x17C7;&#x1787;&#x17BD;&#x179A;</subfield>
  </datafield>
  <datafield tag="260" ind1=" " ind2=" ">
    <subfield code="a">Phnom Penh</subfield>
    <subfield code="b">RUA</subfield>
    <subfield code="c">1989</subfield>
  </datafield>
  <datafield tag="300" ind1=" " ind2=" ">
    <subfield code="a">72p.</subfield>
    <subfield code="b">ill.</subfield>
    <subfield code="c">29cm.</subfield>
  </datafield>
  <datafield tag="942" ind1=" " ind2=" ">
    <subfield code="2">ddc</subfield>
    <subfield code="c">AGR</subfield>
  </datafield>
  <datafield tag="999" ind1=" " ind2=" ">
    <subfield code="c">35</subfield>
    <subfield code="d">35</subfield>
  </datafield>
  <datafield tag="952" ind1=" " ind2=" ">
    <subfield code="0">0</subfield>
    <subfield code="1">0</subfield>
    <subfield code="2">ddc</subfield>
    <subfield code="4">0</subfield>
    <subfield code="6">AGR_&#x179F;&#x17BB;&#x1781;_1989_B001_OR_1_000000000000000</subfield>
    <subfield code="7">0</subfield>
    <subfield code="9">123</subfield>
    <subfield code="a">LBB</subfield>
    <subfield code="b">LBB</subfield>
    <subfield code="c">B001</subfield>
    <subfield code="d">2015-09-05</subfield>
    <subfield code="o">AGR &#x179F;&#x17BB;&#x1781; 1989&#x200B;&#x200B; B001 Or.1</subfield>
    <subfield code="p">RUA004663</subfield>
    <subfield code="r">2015-09-05</subfield>
    <subfield code="w">2015-09-05</subfield>
    <subfield code="y">AGR</subfield>
  </datafield>
</record>
